Tyres : The largest single market for rubber 1 - Road vehicles (Record no. 71692)

MARC details
000 -LEADER
fixed length control field 00372nam a2200145Ia 4500
100 ## - MAIN ENTRY--AUTHOR NAME
Personal name Mernagh L R
245 #0 - TITLE STATEMENT
Title Tyres : The largest single market for rubber 1 - Road vehicles
260 ## - PUBLICATION, DISTRIBUTION, ETC. (IMPRINT)
Name of publisher Rubber Developments
Year of publication 1948
300 ## - PHYSICAL DESCRIPTION
Number of Pages 19-25
650 ## - SUBJECT ADDED ENTRY--TOPICAL TERM
Topical Term Road vehicles
650 ## - SUBJECT ADDED ENTRY--TOPICAL TERM
Topical Term Rubber
650 ## - SUBJECT ADDED ENTRY--TOPICAL TERM
Topical Term Tyre
942 ## - ADDED ENTRY ELEMENTS (KOHA)
Koha item type Journals
Holdings
Withdrawn status Lost status Damaged status Not for loan Home library Current library Shelving location Date acquired Serial Enumeration / chronology Koha item type
      Journals RRII Library RRII Library Rubber chemistry 17/12/2021 Volume 1, Issue 5 Journals